LEADER 00842nam0-2200289---450- 001 990005258760403321 005 20150423124423.0 035 $a000525876 035 $aFED01000525876 035 $a(Aleph)000525876FED01 035 $a000525876 100 $a19990604d1970----km-y0itay50------ba 101 0 $aeng 105 $ay-------001yy 200 1 $a<>oath and perjury in ancient Greece$fJoseph Plescia 210 $aTallahassee$cFlorida State University Press$d1970 215 $aVI, 116 p.$d24 cm 610 0 $aDiritto$aGrecia antica 676 $a340.538$v22 700 1$aPlescia,$bJoseph$0205150 801 0$aIT$bUNINA$gRICA$2UNIMARC 901 $aBK 912 $a990005258760403321 952 $a340.53 PLE 1$bANT. G.R 2038$fFLFBC 959 $aFLFBC 996 $aOath and perjury in ancient Greece$9539524 997 $aUNINA LEADER 00953nam a22002651i 4500 001 991000703109707536 005 20040127134432.0 008 040220s1948 it |||||||||||||||||ita 035 $ab12657803-39ule_inst 035 $aARCHE-065614$9ExL 040 $aDip.to Scienze pedagogiche$bita$cA.t.i. Arché s.c.r.l. Pandora Sicilia s.r.l. 082 04$a170.9034 100 1 $aGiacon, Carlo$0169827 245 13$aLe grandi tesi del tomismo /$cCarlo Giacon 250 $a2. ed. 260 $aMilano :$bMarzorati,$cstampa 1948 300 $a325 p. ;$c22 cm 600 04$aTommaso :$cd'Aquino $xPensiero filosofico 650 4$aTomismo 907 $a.b12657803$b02-04-14$c17-03-04 912 $a991000703109707536 945 $aLE022 MP 70 A 11$g1$i2022000062503$lle022$o-$pE0.00$q-$rl$s- $t0$u2$v1$w2$x0$y.i13164508$z17-03-04 996 $aGrandi tesi del tomismo$9275255 997 $aUNISALENTO 998 $ale022$b17-03-04$cm$da $e-$fita$git $h3$i1